000 01764nam a2200373 a 4500
003 BLK
005 20240130170958.0
008 180412b bul|||||r ||||||| ||bul||
010 _aKNG00002544000
020 _a954-07-0487-1
040 _aBLK
041 _aBUL
_cBUL
080 _aСпециална част на наказателното право. Видове наказуеми действия - Срещу собствена или чужда държава и управлението, политически престъпления,геноцид(прав.аспекти), наркотрафик, против мира, обществен
_b343.3/.7
_x(497.2)(042.3)
_z343.3/.7(497.2)(042.3)
100 1 _aСтойнов, Александър Иванов
_eпърви автор
_9363303
139 _aСтойнов, Александър Иванов
_bС 78
245 1 0 _aНаказателно право на Република България
_bОсобена част : Престъпления против правата на гражданите : Лекции
_cАлександър Иванов Стойнов.
257 _aBGR
260 _aСофия
_bУнив. изд. Св. Климент Охридски
_c1994
300 _a56 с.
_c20 см
380 _a3
500 _a3 000 тир.
650 4 _aНаказателно право - България
_9242654
651 4 _aБългария
_9241624
653 _aправо
653 _aрепублика
653 _aБългария
852 _aЦб 179941
_bЦб
856 4 _qpdf
_u
856 4 _qpdf
_u
942 _cKNG
_n0
944 _aCR
_c15.01.2003
_k30534
_lРадостина Карадакова
944 _aED
_c12.02.2018
_kТеодора_Стоянова
999 _c1670
_d1670
999 _d1670